Quick Pick: Europe's 7 Largest Countries Quiz Stats

 Plays Quiz Updated Oct 26, 2016

Score 0/7 Timer 01:00
0 Plays Today
% Correct
Russia
94%
Germany
88.6%
France
84.5%
Ukraine
73.8%
Turkey
70.8%
Spain
66.2%
Sweden
54.8%

Today's Daily Dose

Missing Word
Fall Out Boy Songs

Word Ladder
Movies of 1999

Get the Picture
Pie Charts II

You're not logged in!

Compare scores with friends on all Sporcle quizzes.
OR
Log In

Show Comments

Extras

Top Quizzes Today


Score Distribution

Your Account Isn't Verified!

In order to create a playlist on Sporcle, you need to verify the email address you used during registration. Go to your Sporcle Settings to finish the process.

Report this User

Report this user for behavior that violates our Community Guidelines.

Details: